Datum a čas kvízu
27.5
Celkem bodů
Celkový počet nahraných bodů na tomto kvízu bez doplňovacích otázek.
5.
Pořadí na kvízu
Konečné umístění týmu na tomto kvízu.
Zaznamenané odpovědi
| # | Otázka | Odpověď | Body | Výsledky |
|---|---|---|---|---|
| 1. | Ministr zahraničí České republ... | Madeleine Albrightová | 1 | |
| 2. | Dvaaosmdesátiletý prezident Ab... | Alžírsko | 1 | |
| 3. | Ve finské Heinole se koná MS v... | Žár | 0 | |
| 4. | Možná jste i Vy zaznamenali, ž... | 1 | ||
| 5. | Po odvetách, které se hrály mi... | Ajax Amsterdam, Juventus Turín | 1 | |
| 1. | Toto téma jste vybrali prostře... | DEA | 0 | |
| 2. | Hlavní postava seriálu Ve jmén... | Írán | 0 | |
| 3. | V seriálu Boardwalk Empire ovl... | Atlantic City | 0 | |
| 4. | Herečku Robin Wrightovou, jedn... | Forrest Gump | 1 | |
| 5. | Jak se jmenuje český herec, da... | Aleš Háma | 0 |